[Event "Aeroflot Open A"]
[Site "Moscow RUS"]
[Date "2011.02.11"]
[Round "4"]
[White "Grigoryan, Avetik"]
[Black "Zhou, Jianchao"]
[Result "0-1"]
[WhiteTitle "GM"]
[BlackTitle "GM"]
[WhiteElo "2595"]
[BlackElo "2655"]
[WhiteFideId "13302191"]
[BlackFideId "8603537"]
[EventDate "2011.02.08"]

1. d4 Nf6 2. Bg5 d5 3. Nd2 c5 4. dxc5 Na6 5. e4 Nxc5 6. exd5 Nxd5 7. Ngf3 h6 8.
Bh4 g5 9. Bg3 Bg7 10. Be5 f6 11. Bd4 Ne6 12. Nb3 O-O 13. Bc4 Ndf4 14. g3 b5 15.
Bxb5 Qd5 16. c4 Qe4+ 17. Kf1 Nxd4 18. Nbxd4 Bh3+ 19. Kg1 Rad8 20. Bc6 Qxc6 21.
gxf4 Qe4 0-1

[Event "Aeroflot Open A"]
[Site "Moscow RUS"]
[Date "2011.02.11"]
[Round "4"]
[White "Vuckovic, Bojan"]
[Black "Sutovsky, Emil"]
[Result "1-0"]
[WhiteTitle "GM"]
[BlackTitle "GM"]
[WhiteElo "2623"]
[BlackElo "2695"]
[WhiteFideId "922277"]
[BlackFideId "2802007"]
[EventDate "2011.02.08"]

1. d4 Nf6 2. c4 g6 3. Nc3 d5 4. Bg5 Ne4 5. Bh4 Nxc3 6. bxc3 dxc4 7. e3 Be6 8.
Nf3 Bg7 9. Be2 Nd7 10. O-O Nb6 11. a4 a5 12. Qc2 O-O 13. Rfb1 Bd7 14. Nd2 Qe8
15. Nxc4 Bxa4 16. Qe4 Bc6 17. Qxe7 Nd5 18. Qxe8 Rfxe8 19. Rc1 a4 20. Bg3 Bb5 21.
Nb6 Nxb6 22. Bxb5 c6 23. Be2 Nd5 24. c4 Nf6 25. c5 Ne4 26. Ra2 f5 27. Rca1 Nxc5
28. dxc5 Bxa1 29. Rxa1 a3 30. Kf1 Kg7 31. Ke1 Kf6 32. Kd2 Ra5 33. Bd6 b5 34. Kc3
Ra4 35. Bf3 Rc8 36. Kb3 Ke6 37. Rxa3 Rxa3+ 38. Kxa3 Kd7 39. Kb2 Re8 40. h4 Ra8
41. Bd1 Re8 42. Bb3 Ra8 43. Be5 Ke7 44. Kc2 Re8 45. Kd3 Kd7 46. Bd4 Ra8 47. f3
Ra3 48. Kc2 Ra8 49. Be5 Re8 50. Bf4 Ra8 51. Kb2 Rf8 52. g3 Re8 53. Kc2 Ra8 54.
e4 fxe4 55. fxe4 Ra1 56. Bg8 Ke8 57. Bd6 Rg1 58. Kd2 Rg2+ 59. Ke3 b4 60. Kd3 1-0

[Event "Aeroflot Open A"]
[Site "Moscow RUS"]
[Date "2011.02.11"]
[Round "4"]
[White "Andreikin, Dmitry"]
[Black "Petrosian, Tigran L."]
[Result "1/2-1/2"]
[WhiteTitle "GM"]
[BlackTitle "GM"]
[WhiteElo "2689"]
[BlackElo "2604"]
[WhiteFideId "4158814"]
[BlackFideId "13301616"]
[EventDate "2011.02.08"]

1. e4 e5 2. Nf3 Nc6 3. Bb5 Nf6 4. O-O Nxe4 5. d4 Nd6 6. Bxc6 dxc6 7. dxe5 Nf5 8.
Qxd8+ Kxd8 9. Nc3 Ke8 10. h3 h5 11. b3 a5 12. Rd1 Bb4 13. Ne2 a4 14. Bg5 Be7 15.
Rac1 Ra5 16. Bd2 Ra6 17. c4 Nh4 18. Nxh4 Bxh4 19. b4 Ra8 20. b5 Bd7 21. bxc6
Bxc6 22. Nd4 Bd7 23. c5 c6 24. Rc4 Be7 25. Rb1 Bc8 26. g4 hxg4 27. hxg4 Bxg4 28.
Rxb7 Bc8 29. Rbb4 a3 30. Be3 1/2-1/2

[Event "Aeroflot Open A"]
[Site "Moscow RUS"]
[Date "2011.02.11"]
[Round "4"]
[White "Motylev, Alexander"]
[Black "Alsina Leal, Daniel"]
[Result "1/2-1/2"]
[WhiteTitle "GM"]
[BlackTitle "GM"]
[WhiteElo "2687"]
[BlackElo "2531"]
[WhiteFideId "4121830"]
[BlackFideId "2252627"]
[EventDate "2011.02.08"]

1. e4 c6 2. d4 d5 3. e5 Bf5 4. Nf3 e6 5. Be2 c5 6. Be3 Qb6 7. Nc3 Nc6 8. O-O
Qxb2 9. Qe1 c4 10. Rb1 Qxc2 11. Rxb7 Bb4 12. Rxb4 Nxb4 13. Qa1 Nxa2 14. Nxa2 Qa4
15. Nc3 Qxa1 16. Rxa1 Ne7 17. Bc1 Rb8 18. Bd1 O-O 19. Ba3 Rb7 20. Ba4 a6 21. h3 1/2-1/2

[Event "Aeroflot Open A"]
[Site "Moscow RUS"]
[Date "2011.02.11"]
[Round "4"]
[White "Bocharov, Dmitry"]
[Black "Cheparinov, Ivan"]
[Result "0-1"]
[WhiteTitle "GM"]
[BlackTitle "GM"]
[WhiteElo "2605"]
[BlackElo "2665"]
[WhiteFideId "4138716"]
[BlackFideId "2905540"]
[EventDate "2011.02.08"]

1. d4 Nf6 2. c4 g6 3. Nc3 d5 4. e3 Bg7 5. Qb3 e6 6. Qa3 Nc6 7. Nf3 Ne7 8. Be2
O-O 9. O-O b6 10. b4 dxc4 11. Bxc4 Bb7 12. Be2 Ned5 13. Nxd5 Bxd5 14. Bb2 Ne4
15. Rac1 a5 16. b5 Rc8 17. Ne5 Bxe5 18. dxe5 Nd2 19. e4 Nxe4 20. Qe3 Nc5 21. Ba3
c6 22. bxc6 Rxc6 23. Rfd1 Qe7 24. Rc2 Rfc8 25. Ba6 Rd8 26. Rdc1 Qh4 27. Bb5 Rcc8
28. f4 Qe7 29. Bf1 Kg7 30. h3 h6 31. Kh2 Qb7 32. g4 Ne4 33. Bd3 Rxc2+ 34. Bxc2
Rc8 35. Bb2 Rc4 36. f5 Qc6 37. Bd3 Rxc1 38. Bxc1 exf5 39. Qxh6+ Kg8 40. gxf5
gxf5 41. Qf4 Qg6 42. a3 Nc5 43. Bf1 Ne6 44. Qd2 Be4 45. Qf2 Ng5 46. Be2 Bd5 47.
Bf4 Ne6 48. Bf1 Nxf4 49. Qxf4 Be4 50. Qd2 Kh7 51. Qf2 Qg5 52. h4 Qe7 53. Qg3 Qc5 0-1

[Event "Aeroflot Open A"]
[Site "Moscow RUS"]
[Date "2011.02.11"]
[Round "4"]
[White "Felgaer, Ruben"]
[Black "Kurnosov, Igor"]
[Result "0-1"]
[WhiteTitle "GM"]
[BlackTitle "GM"]
[WhiteElo "2585"]
[BlackElo "2662"]
[WhiteFideId "107069"]
[BlackFideId "4142527"]
[EventDate "2011.02.08"]

1. e4 e5 2. Nf3 Nc6 3. Bb5 Nf6 4. O-O Nxe4 5. Re1 Nd6 6. Nxe5 Be7 7. Bf1 Nf5 8.
Nf3 O-O 9. d4 d5 10. g3 Bf6 11. c3 Re8 12. Rxe8+ Qxe8 13. Bf4 Qd8 14. Na3 g5 15.
Bc1 Be6 16. Nc2 h6 17. Ne3 Qd6 18. Bd3 Nxe3 19. Bxe3 Bg4 20. Be2 Re8 21. Ne1 Bf5
22. Bd3 Be4 23. f3 Bg6 24. Ng2 Bg7 25. Qc2 b6 26. Rf1 Na5 27. f4 Nc4 28. Bc1
Bxd3 29. Qxd3 Qg6 30. Qxg6 fxg6 31. fxg5 hxg5 32. Bxg5 c5 33. dxc5 bxc5 34. Nf4
Nd2 35. Nxg6 Nxf1 36. Kxf1 Kf7 37. Nf4 Rb8 38. b3 c4 39. b4 d4 40. Ke1 dxc3 41.
a3 Rb6 42. Ne2 Rd6 43. Bf4 Rd7 44. Bc1 c2 45. a4 Rd1+ 46. Kf2 Bc3 0-1

[Event "Aeroflot Open A"]
[Site "Moscow RUS"]
[Date "2011.02.11"]
[Round "4"]
[White "Ni, Hua"]
[Black "Fier, Alexandr"]
[Result "1-0"]
[WhiteTitle "GM"]
[BlackTitle "GM"]
[WhiteElo "2645"]
[BlackElo "2571"]
[WhiteFideId "8601160"]
[BlackFideId "2107139"]
[EventDate "2011.02.08"]

1. e4 c5 2. Nf3 e6 3. d4 cxd4 4. Nxd4 Nc6 5. Nc3 Qc7 6. Be3 a6 7. Qd2 Nf6 8.
O-O-O Be7 9. f3 O-O 10. g4 b5 11. g5 Nh5 12. Nce2 Rd8 13. Ng3 Nxd4 14. Qxd4 Nf4
15. h4 Bb7 16. Qb6 Qb8 17. Kb1 d5 18. Bxf4 Qxf4 19. Qxb7 Bc5 20. exd5 Rdb8 21.
Qd7 Rd8 22. dxe6 Rxd7 23. exd7 Be7 24. Ne2 Qxf3 25. Rh3 Qg4 26. Re3 Kf8 27. Rd4
Qf5 28. Bh3 Qc5 29. Rde4 g6 30. Rxe7 Qxe7 31. Rxe7 Kxe7 32. Nd4 Kd6 33. Nc6 1-0

[Event "Aeroflot Open A"]
[Site "Moscow RUS"]
[Date "2011.02.11"]
[Round "4"]
[White "Deviatkin, Andrei"]
[Black "Sandipan, Chanda"]
[Result "0-1"]
[WhiteTitle "GM"]
[BlackTitle "GM"]
[WhiteElo "2573"]
[BlackElo "2641"]
[WhiteFideId "4121260"]
[BlackFideId "5004225"]
[EventDate "2011.02.08"]

1. e4 c5 2. Nf3 d6 3. c3 Nf6 4. h3 b6 5. Bb5+ Nbd7 6. d4 a6 7. Bc6 Rb8 8. Qe2
Qc7 9. d5 e5 10. Bg5 Ng8 11. b4 Ne7 12. b5 a5 13. Na3 h6 14. Be3 g6 15. Nc4 Bg7
16. Nfd2 O-O 17. f4 f5 18. O-O g5 19. fxg5 f4 20. gxh6 Bxh6 21. Qg4+ Kh7 22. Qe6
Nf6 23. Qxd6 Qxd6 24. Nxd6 fxe3 25. N2c4 Bxh3 26. gxh3 Rg8+ 27. Kh1 Bf4 28. Nxe3
Rg3 29. Ndf5 Nxf5 30. Nxf5 Rxc3 31. Rg1 Nxe4 32. Rg7+ Kh8 33. Rg6 Rxh3+ 34. Kg2
Rh2+ 35. Kg1 c4 36. d6 Nc5 37. Rg4 Rh5 38. Ne7 Rg5 39. Ng6+ Kg7 40. Rxg5 Bxg5
41. Nxe5 c3 42. d7 c2 43. Nc4 Nd3 44. Kg2 c1=Q 45. Rxc1 Nxc1 46. a3 Nd3 47. Kf3
Nc5 48. Kg4 Bd8 49. Kf5 Bc7 0-1

[Event "Aeroflot Open A"]
[Site "Moscow RUS"]
[Date "2011.02.11"]
[Round "4"]
[White "Khairullin, Ildar"]
[Black "Kovalenko, Igor"]
[Result "1-0"]
[WhiteTitle "GM"]
[BlackTitle "IM"]
[WhiteElo "2640"]
[BlackElo "2515"]
[WhiteFideId "4151348"]
[BlackFideId "14117908"]
[EventDate "2011.02.08"]

1. d4 Nf6 2. c4 g6 3. Nc3 d5 4. Qb3 dxc4 5. Qxc4 Be6 6. Qb5+ Bd7 7. Qb3 c5 8. d5
b5 9. Nxb5 Na6 10. Nc3 Rb8 11. Qd1 Qa5 12. Nf3 Ne4 13. Bd2 Nxd2 14. Qxd2 Bg7 15.
Rc1 O-O 16. e3 Rb4 17. b3 Rfb8 18. Nb1 Bf5 19. a3 R4b5 20. Bxb5 Qxb5 21. Nc3
Qxb3 22. O-O Qxa3 23. e4 Bg4 24. Ng5 Bd7 25. Qf4 Rf8 26. d6 exd6 27. Qxd6 Bxc3
28. Qxd7 Nb4 29. Qh3 1-0

[Event "Aeroflot Open A"]
[Site "Moscow RUS"]
[Date "2011.02.11"]
[Round "4"]
[White "El Debs, Felipe de Cresce"]
[Black "Lysyj, Igor"]
[Result "1/2-1/2"]
[WhiteTitle "GM"]
[BlackTitle "GM"]
[WhiteElo "2499"]
[BlackElo "2635"]
[WhiteFideId "2106981"]
[BlackFideId "4150120"]
[EventDate "2011.02.08"]

1. Nf3 Nf6 2. c4 e6 3. g3 d5 4. d4 Be7 5. Bg2 O-O 6. O-O dxc4 7. Qc2 a6 8. a4
Bd7 9. Qxc4 Bc6 10. Bf4 Bd6 11. Bg5 Nbd7 12. Nc3 h6 13. Bxf6 Nxf6 14. Qd3 Bxf3
15. Bxf3 c6 16. Rfd1 Qe7 17. e3 Rfd8 18. Ne4 Bb4 19. Nxf6+ Qxf6 20. Qe4 a5 21.
Be2 Rd7 22. h4 Rad8 23. Qf3 Qxf3 24. Bxf3 Kf8 25. h5 Ke7 26. b3 c5 27. dxc5
Rxd1+ 28. Rxd1 Rxd1+ 29. Bxd1 Bxc5 1/2-1/2

[Event "Aeroflot Open A"]
[Site "Moscow RUS"]
[Date "2011.02.11"]
[Round "4"]
[White "Huschenbeth, Niclas"]
[Black "Sjugirov, Sanan"]
[Result "1/2-1/2"]
[WhiteTitle "IM"]
[BlackTitle "GM"]
[WhiteElo "2450"]
[BlackElo "2626"]
[WhiteFideId "24604747"]
[BlackFideId "4189302"]
[EventDate "2011.02.08"]

1. e4 c5 2. Nf3 Nc6 3. d4 cxd4 4. Nxd4 g6 5. c4 Bg7 6. Be3 Nf6 7. Nc3 d6 8. Be2
O-O 9. O-O Bd7 10. Nc2 Qa5 11. Rc1 Rac8 12. f3 Ne5 13. Na3 Rfd8 14. Qb3 b6 15.
Nab5 Qa6 16. Nd5 Kf8 17. Rfd1 Nc6 18. Bg5 Nxd5 19. exd5 Ne5 20. Re1 h6 21. Be3
Qb7 22. Nd4 g5 23. a4 Ng6 24. g3 Kg8 25. a5 Rb8 26. a6 Qc8 27. Nb5 Qxa6 28. Ra1
Qc8 29. Rxa7 Bxb5 30. Qxb5 Qf5 31. Qb3 Qf6 32. Qc2 Rdc8 33. b4 b5 34. c5 dxc5
35. bxc5 b4 36. Qb3 Qe5 37. Bc4 Rxc5 38. Bf2 Qd6 39. Ra6 Qc7 40. Bxc5 Qxc5+ 41.
Kg2 Ne5 42. Be2 Bf6 43. Rb1 Kg7 44. Ra4 Rb6 45. Rxb4 Rxb4 46. Qxb4 Qxd5 47. Rd1
Qc6 48. Kf2 Qc2 49. Qd2 Qc5+ 50. Kg2 Qc6 51. Qd5 Qc2 52. Qd2 Qc6 53. Qd5 Qc2 54.
Rd2 Qc1 55. Ra2 Qe3 56. Qd2 Qb3 57. Rc2 Qb7 58. Kf2 Qb6+ 59. Kg2 1/2-1/2

[Event "Aeroflot Open A"]
[Site "Moscow RUS"]
[Date "2011.02.11"]
[Round "4"]
[White "Rodshtein, Maxim"]
[Black "Xiu, Deshun"]
[Result "1-0"]
[WhiteTitle "GM"]
[WhiteElo "2625"]
[BlackElo "2508"]
[WhiteFideId "2806851"]
[BlackFideId "8603693"]
[EventDate "2011.02.08"]

1. d4 d5 2. c4 c6 3. Nf3 Nf6 4. Nc3 e6 5. e3 Nbd7 6. Qc2 Bd6 7. Bd3 O-O 8. O-O
dxc4 9. Bxc4 b5 10. Bd3 Bb7 11. Rd1 Rc8 12. a3 a5 13. Ne5 b4 14. axb4 axb4 15.
Nxd7 Qxd7 16. Na4 Qc7 17. h3 e5 18. Nc5 Rb8 19. Bd2 Bc8 20. dxe5 Bxe5 21. Ra4 b3
22. Nxb3 Be6 23. Bc4 Nd5 24. Rda1 Qc8 25. Ba6 Nxe3 26. Qe4 Qc7 27. Nc5 Nd5 28.
Nxe6 fxe6 29. Bd3 Nf6 30. Qc4 Qd7 31. Ra7 Qd5 32. R1a5 Qxc4 33. Bxc4 Nd5 34.
Bxd5 exd5 35. Bc3 Bxc3 36. bxc3 Rb3 37. Rc7 Rxc3 38. Raa7 Rc1+ 39. Kh2 Rxf2 40.
Rxg7+ Kh8 41. Rxh7+ Kg8 42. Rag7+ Kf8 43. Rc7 Kg8 44. Rhg7+ Kf8 45. Rgd7 Kg8 46.
Rd8+ Rf8 47. Rxd5 Rh1+ 48. Kxh1 cxd5 49. Kh2 Rd8 50. Kg3 d4 51. Rc2 Kf7 52. Kf4
Kg6 53. Rd2 Kh5 54. Rd3 Kh4 55. Ke4 Rg8 56. g4 Ra8 57. Kxd4 Ra5 58. Ke4 Rb5 59.
Re3 Ra5 60. Kf4 Ra4+ 61. Re4 Ra5 62. Re5 Ra4+ 63. Kf5 Kxh3 64. g5 Kh4 65. g6 Kh5
66. g7 Rg4 67. Re8 1-0

[Event "Aeroflot Open A"]
[Site "Moscow RUS"]
[Date "2011.02.11"]
[Round "4"]
[White "So, Wesley"]
[Black "Zhou, Weiqi"]
[Result "1/2-1/2"]
[WhiteTitle "GM"]
[BlackTitle "GM"]
[WhiteElo "2673"]
[BlackElo "2573"]
[WhiteFideId "5202213"]
[BlackFideId "8601674"]
[EventDate "2011.02.08"]

1. e4 c6 2. d4 d5 3. Nc3 dxe4 4. Nxe4 Bf5 5. Ng3 Bg6 6. h4 h6 7. Nf3 Nd7 8. h5
Bh7 9. Bd3 Bxd3 10. Qxd3 e6 11. Bd2 Ngf6 12. O-O-O Be7 13. Ne4 Nxe4 14. Qxe4 Nf6
15. Qd3 Ng4 16. Qe2 Qd5 17. c4 Qf5 18. Ne1 b5 19. f3 Nf6 20. g4 Qh7 21. cxb5 Rc8
22. Qc4 c5 23. Nd3 Nd7 24. Ba5 O-O 25. d5 exd5 26. Qxd5 c4 27. Qxd7 cxd3+ 28.
Kb1 d2+ 29. Qf5 Qxf5+ 30. gxf5 Rc5 31. a4 Rxf5 32. Rxd2 Rf4 33. Rd7 Rxa4 34.
Rxa7 Rb8 35. Rg1 Bb4 36. Bc7 Rxa7 37. Bxb8 Rb7 38. Be5 Bf8 39. Kc2 Rxb5 40. f4
Kh7 41. Rh1 g6 42. hxg6+ Kxg6 43. Rg1+ Kf5 1/2-1/2

[Event "Aeroflot Open A"]
[Site "Moscow RUS"]
[Date "2011.02.11"]
[Round "4"]
[White "Mamedov, Nidjat"]
[Black "Korobov, Anton"]
[Result "0-1"]
[WhiteTitle "GM"]
[BlackTitle "GM"]
[WhiteElo "2580"]
[BlackElo "2670"]
[WhiteFideId "13400819"]
[BlackFideId "14105730"]
[EventDate "2011.02.08"]

1. e4 c5 2. Nf3 d6 3. d4 cxd4 4. Nxd4 Nf6 5. Nc3 a6 6. Be3 e5 7. Nb3 Be6 8. f3
h5 9. Qd2 Nbd7 10. Nd5 Bxd5 11. exd5 g6 12. Na5 Qc7 13. Be2 Bg7 14. c4 e4 15. f4
Ng4 16. Bxg4 hxg4 17. O-O f5 18. Rab1 Nc5 19. b4 Nd3 20. c5 Qf7 21. Nc4 O-O 22.
Nb6 Rad8 23. g3 g5 24. fxg5 Ne5 25. Qc2 Nf3+ 26. Kh1 Be5 27. c6 bxc6 28. dxc6 d5
29. Bf4 Bxf4 30. gxf4 Qc7 31. Nxd5 Rxd5 32. Qb3 Rd8 33. Rbd1 Qxf4 0-1

[Event "Aeroflot Open A"]
[Site "Moscow RUS"]
[Date "2011.02.11"]
[Round "4"]
[White "Papin, Vasily"]
[Black "Hammer, Jon Ludvig"]
[Result "1-0"]
[WhiteTitle "IM"]
[BlackTitle "GM"]
[WhiteElo "2568"]
[BlackElo "2647"]
[WhiteFideId "4143183"]
[BlackFideId "1503707"]
[EventDate "2011.02.08"]

1. d4 Nf6 2. c4 e6 3. Nf3 d5 4. e3 Be7 5. Nbd2 O-O 6. b3 Ne4 7. Qc2 f5 8. Be2 b6
9. Bb2 Bb7 10. Rc1 Bd6 11. O-O Nd7 12. Ne5 c5 13. Nxe4 fxe4 14. Bg4 Qe7 15. cxd5
Bxd5 16. Nc4 Bc7 17. g3 Rac8 18. Qb1 b5 19. Nd2 Nf6 20. Be2 Ba5 21. Rfd1 Qf7 22.
Rc2 Nd7 23. Rf1 Bxd2 24. Rxd2 c4 25. bxc4 bxc4 26. Rc2 Rc6 27. Ba3 Rfc8 28. Rfc1
Nb6 29. Bc5 Qc7 30. Bf1 Rb8 31. Rb2 Rxc5 32. dxc5 Qxc5 33. Rb5 Qc6 34. Qb4 Rc8
35. Ra5 Rc7 36. Qa3 Qd7 37. Qb4 h6 38. Be2 Qc6 39. Qa3 Qd7 40. Qb4 Qc6 41. Qb5
Qxb5 42. Rxb5 Nd7 43. Kf1 Ne5 44. Rc3 Kf8 45. Bd1 Rf7 46. Bh5 g6 47. Be2 Ke7 48.
Ra3 Kd6 49. Ra6+ Nc6 50. Ke1 h5 51. Bd1 c3 52. Ba4 1-0

[Event "Aeroflot Open A"]
[Site "Moscow RUS"]
[Date "2011.02.11"]
[Round "4"]
[White "Savchenko, Boris"]
[Black "Novikov, Stanislav"]
[Result "1/2-1/2"]
[WhiteTitle "GM"]
[BlackTitle "GM"]
[WhiteElo "2637"]
[BlackElo "2568"]
[WhiteFideId "4147332"]
[BlackFideId "4125371"]
[EventDate "2011.02.08"]

1. e4 c5 2. Nf3 e6 3. d4 cxd4 4. Nxd4 a6 5. c4 Nf6 6. Nc3 Bb4 7. f3 Qc7 8. Nc2
Be7 9. Be2 Nc6 10. O-O Ne5 11. b3 h5 12. f4 Ng6 13. e5 Ng4 14. Ne4 N6xe5 15.
fxe5 Qxe5 16. Ng3 Bc5+ 17. Kh1 Nf2+ 18. Rxf2 Bxf2 19. Nxh5 g6 20. Bf4 Qc3 21.
Bd2 Qe5 22. Bf4 Qc3 23. Qd6 Rxh5 24. Bxh5 gxh5 25. Bg5 f6 26. Bh6 Kd8 27. Bf4
Ke8 28. Rc1 b6 29. Qd1 e5 30. Ne3 Qb2 31. Qxh5+ Ke7 32. Nd5+ Kd6 33. Rd1 exf4
34. Qf3 Ra7 35. Qxf4+ Ke6 36. Qb8 Kf7 37. Qxa7 Qc2 38. Nc3 Qxc3 39. Qa8 Qc2 40.
Qd5+ Kg7 41. Qf3 d6 42. Rxd6 Bf5 43. Rd1 Bc5 44. Rf1 Kg6 45. Qg3+ Kh7 46. Qh4+
Kg6 47. Qg3+ Kh7 48. b4 Bxb4 49. Qh4+ Kg6 50. Qg3+ Kh7 51. Qh4+ 1/2-1/2

[Event "Aeroflot Open A"]
[Site "Moscow RUS"]
[Date "2011.02.11"]
[Round "4"]
[White "Mareco, Sandro"]
[Black "Zhigalko, Andrey"]
[Result "1-0"]
[WhiteTitle "GM"]
[BlackTitle "GM"]
[WhiteElo "2627"]
[BlackElo "2566"]
[WhiteFideId "112275"]
[BlackFideId "13502247"]
[EventDate "2011.02.08"]

1. d4 Nf6 2. c4 g6 3. Nc3 Bg7 4. e4 d6 5. Nf3 O-O 6. Be2 e5 7. O-O Na6 8. Re1 c6
9. Be3 exd4 10. Bxd4 Re8 11. Qc2 Nc5 12. Nd2 h5 13. h3 Ne6 14. Be3 Nd7 15. Nb3
a5 16. Rad1 a4 17. Nd4 Nec5 18. Bxh5 gxh5 19. Nf5 Re6 20. Nxd6 Qf8 21. Nf5 b6
22. Ne2 Rxe4 23. Neg3 Re6 24. Nxh5 Bh8 25. Bh6 Rxh6 26. Ne7+ Qxe7 27. Rxe7 Rxh5
28. Re8+ Kg7 29. Qc3+ f6 30. Qg3+ Rg5 31. Qc7 Re5 32. Rxc8 Rxc8 33. Rxd7+ 1-0

[Event "Aeroflot Open A"]
[Site "Moscow RUS"]
[Date "2011.02.11"]
[Round "4"]
[White "Vorobiov, Evgeny E."]
[Black "Predojevic, Borki"]
[Result "1/2-1/2"]
[WhiteTitle "GM"]
[BlackTitle "GM"]
[WhiteElo "2556"]
[BlackElo "2626"]
[WhiteFideId "4121341"]
[BlackFideId "930849"]
[EventDate "2011.02.08"]

1. d4 e6 2. Nf3 Nf6 3. c4 b6 4. a3 c5 5. d5 Ba6 6. Qc2 exd5 7. cxd5 d6 8. Nc3 g6
9. g3 Bg7 10. Bg2 O-O 11. O-O Re8 12. Re1 b5 13. e4 Nbd7 14. Bf4 Qb6 15. e5 dxe5
16. Nxe5 Nxe5 1/2-1/2

[Event "Aeroflot Open A"]
[Site "Moscow RUS"]
[Date "2011.02.11"]
[Round "4"]
[White "Maletin, Pavel"]
[Black "Geller, Jakov"]
[Result "1/2-1/2"]
[WhiteTitle "GM"]
[BlackTitle "IM"]
[WhiteElo "2621"]
[BlackElo "2544"]
[WhiteFideId "4146786"]
[BlackFideId "4151984"]
[EventDate "2011.02.08"]

1. d4 d5 2. c4 c6 3. Nc3 e6 4. e4 dxe4 5. Nxe4 Bb4+ 6. Bd2 Qxd4 7. Bxb4 Qxe4+ 8.
Be2 Na6 9. Ba5 f6 10. Nf3 b6 11. Nd2 Qf4 12. Bh5+ g6 13. Bf3 Qe5+ 14. Kf1 Qc7
15. Bc3 e5 16. Ne4 Kf7 17. b4 Ne7 18. Qe2 Nf5 19. h4 h5 20. Re1 Qe7 21. g4 hxg4
22. Bxg4 Rxh4 23. Rxh4 Nxh4 24. Bxc8 Rxc8 25. c5 Qe6 26. Nd6+ Kg7 27. Qxa6 Qh3+
28. Ke2 Qxc3 29. Qxc8 1/2-1/2

[Event "Aeroflot Open A"]
[Site "Moscow RUS"]
[Date "2011.02.11"]
[Round "4"]
[White "Kotsur, Pavel"]
[Black "Iturrizaga, Eduardo"]
[Result "1-0"]
[WhiteTitle "GM"]
[BlackTitle "GM"]
[WhiteElo "2559"]
[BlackElo "2611"]
[WhiteFideId "13700278"]
[BlackFideId "3901211"]
[EventDate "2011.02.08"]

1. Nf3 c5 2. c4 g6 3. d4 cxd4 4. Nxd4 Nc6 5. e4 Nf6 6. Nc3 Nxd4 7. Qxd4 d6 8.
Bg5 Bg7 9. Qd2 Be6 10. Rc1 Rc8 11. b3 h6 12. Be3 b5 13. cxb5 Qa5 14. Rc2 Ng4 15.
Bd4 Bxd4 16. Qxd4 O-O 17. Be2 Nf6 18. Qd2 Rc5 19. Bd3 Rfc8 20. Na4 Rxc2 21. Qxa5
Rc1+ 22. Kd2 Rxh1 23. Qxa7 Ra1 24. Nc3 Nd7 25. b6 Rb8 26. Bb5 1-0

[Event "Aeroflot Open A"]
[Site "Moscow RUS"]
[Date "2011.02.11"]
[Round "4"]
[White "Yu, Yangyi"]
[Black "Roussel-Roozmon, Thomas"]
[Result "1-0"]
[WhiteTitle "GM"]
[BlackTitle "GM"]
[WhiteElo "2607"]
[BlackElo "2500"]
[WhiteFideId "8603820"]
[BlackFideId "2603659"]
[EventDate "2011.02.08"]

1. e4 e5 2. Nc3 Nf6 3. g3 Nc6 4. Bg2 Bc5 5. Nge2 a6 6. d3 d6 7. O-O Be6 8. Nd5
Nd4 9. Nxd4 Bxd4 10. Be3 Bc5 11. Qe1 O-O 12. Nxf6+ Qxf6 13. Bxc5 dxc5 14. Qc3 c4
15. dxc4 Rfd8 16. Rfd1 c5 17. b3 b6 18. f4 Rd4 19. Rxd4 exd4 20. Qd3 Re8 21. e5
Qd8 22. a4 Qd7 23. Be4 g6 24. Rf1 Bh3 25. Rd1 Rd8 26. Kf2 Kg7 27. Ke1 Bg4 28.
Ra1 a5 29. Kd2 f6 30. exf6+ Kxf6 31. f5 gxf5 32. Rf1 Kg6 33. Bf3 Bxf3 34. Qxf3
Qe6 35. Re1 Qf6 36. Kd3 Rd7 37. g4 h6 38. Re8 Rf7 39. Rb8 Qd6 40. gxf5+ Rxf5 41.
Rg8+ Kf6 42. Qb7 Rg5 43. Qf3+ Rf5 44. Qe4 h5 45. Qg2 Ke7 46. Rg7+ Kf8 47. Rh7 1-0

[Event "Aeroflot Open A"]
[Site "Moscow RUS"]
[Date "2011.02.11"]
[Round "4"]
[White "Sethuraman, S.P."]
[Black "Romanov, Evgeny"]
[Result "0-1"]
[WhiteTitle "IM"]
[BlackTitle "GM"]
[WhiteElo "2545"]
[BlackElo "2606"]
[WhiteFideId "5021596"]
[BlackFideId "4148843"]
[EventDate "2011.02.08"]

1. d4 d5 2. c4 c6 3. e3 Nf6 4. Nc3 a6 5. Nf3 b5 6. b3 Bg4 7. Be2 e6 8. O-O Nbd7
9. h3 Bf5 10. Bb2 Bd6 11. Nh4 Be4 12. Nxe4 Nxe4 13. Nf3 O-O 14. Rc1 Qa5 15. Qc2
bxc4 16. bxc4 Rab8 17. Ba1 f5 18. Bd3 Rfc8 19. Rb1 h6 20. c5 Be7 21. Qe2 Bf6 22.
Rfc1 Qa3 23. Ne1 Rxb1 24. Rxb1 Rb8 25. Qc2 Rb4 26. Rxb4 Qxb4 27. Qc1 Qa5 28. a3
e5 29. Nc2 exd4 30. exd4 Bg5 31. Qd1 Qa4 32. f3 Ng3 33. Bc3 Qb3 34. Be1 Bf4 35.
Bxa6 Nf6 36. Bd3 Nfh5 37. Bf2 g6 38. Be1 Kf7 39. Bf2 Ng7 40. a4 Qxa4 41. Qe1
N3h5 42. Qb4 Qa8 43. Qb6 Ne6 44. Ba6 Bc7 45. Qb7 Qxb7 46. Bxb7 Nd8 47. Bc8 Ba5
48. Kf1 Ng7 49. Ne1 Bxe1 50. Kxe1 f4 51. Kd2 Ke7 52. Bh4+ g5 53. Bf2 Nde6 54.
Ba6 Nf5 55. Kc3 h5 56. Bd3 Ne3 57. Kd2 Nxd4 58. Bxe3 fxe3+ 59. Kxe3 Ne6 60. g3
Kf6 61. Be2 Kf5 62. Bd3+ Kf6 63. f4 gxf4+ 64. gxf4 d4+ 65. Kd2 Nxc5 66. Be2 h4
67. Bf3 Kf5 68. Bxc6 Kxf4 69. Bg2 Kg3 70. Bf1 Kf2 71. Be2 Nb3+ 72. Kd1 Ke3 73.
Bc4 Nc5 0-1

[Event "Aeroflot Open A"]
[Site "Moscow RUS"]
[Date "2011.02.11"]
[Round "4"]
[White "Kotronias, Vasilios"]
[Black "Kosteniuk, Alexandra"]
[Result "1-0"]
[WhiteTitle "GM"]
[BlackTitle "GM"]
[WhiteElo "2599"]
[BlackElo "2498"]
[WhiteFideId "5900212"]
[BlackFideId "4128125"]
[EventDate "2011.02.08"]

1. e4 e5 2. Nf3 Nc6 3. d4 exd4 4. Nxd4 Nf6 5. Nxc6 bxc6 6. e5 Qe7 7. Qe2 Nd5 8.
c4 Nb6 9. Nc3 Qe6 10. Qe4 Bb7 11. Bd3 Bb4 12. Bd2 O-O-O 13. O-O c5 14. Qh4 Ba6
15. f4 f5 16. b3 Ba3 17. Nd5 Kb8 18. Bc3 g6 19. Rad1 Bb7 20. Ne3 Bb4 21. Bxb4
cxb4 22. c5 Nc8 23. Qe1 d6 24. Qxb4 dxe5 25. Bc4 Qc6 26. Bd5 Rxd5 27. Rxd5 exf4
28. Qxf4 Re8 29. Re5 Rd8 30. h4 Rd3 31. Rf2 Qd7 32. Nc2 Be4 33. Nb4 Rd1+ 34. Kh2
Qb5 35. Rxe4 fxe4 36. Qxe4 c6 37. Rf7 1-0